Gaspar : (Registro nro. 14779)

Detalles MARC
000 -LIDER
fixed length control field 00883nam a2200277 a 4500
001 - NÚMERO DE CONTROL
Identificador de número de control 000044250
003 - IDENTIFICACDOR DE NÚMERO DE CONTROL
control field DO-SdBNP
005 - DATE AND TIME OF LATEST TRANSACTION
control field 20240809115150.0
007 - CAMPOS FIJOS DE DESCRIPCIÓN FÍSICA
fixed length control field 000044250
008 - ELEMENTOS DE LONGITUD FIJA
fixed length control field 140611s2011 dr ac 000 0 spa d
020 ## - ISBN
International Standard Book Number 9789945808926
040 ## - FUENTE DE CATALOGACIÓN
Agencia que crea de manera original el registro BPMSU
Idioma de catalogación spa
Agencia que realiza la transcripción BPMSU
082 #4 - NÚMERO DE CLASIFICACIÓN DECIMAL DE DEWEY
Classification number RD863.5
Item number F866g 2024
Edition number 22
100 1# - ASIENTO PRINCIPAL -- NOMBRE PERSONAL
Nombre personal Freixas, Verouschka
Fechas asociadas con el nombre 1971-
245 10 - MENCIÓN DE TITULO
Título Gaspar :
Subtítulo el gato mago /
Mención de responsabilidad Verouschka Freixas.
260 ## - PUBLICACIÓN, DISTRIBUCIÓN, ETC. (PIE DE IMPRENTA)
Lugar de publicación, distribución, etc Santo Domingo :
Nombre del editor, distribuidor, etc. Biblioteca Infantil y Juvenil,
Fecha de publicación, distribución, etc 2024
Fecha de impresión
300 ## - DESCRIPCIÓN FÍSICA
Extensión 37 p. :
Otros detalles físicos il., retrs. ;
Dimensiones 19 cm.
490 0# - MENCIÓN DE SERIES
Mención de serie Narrativa
590 ## - NOTA LOCAL
Texto de la nota local Inventariado, 2024/VM
650 #4 - ENCABEZAMIENTO DE MATERIA--TEMÁTICO
Término temático o nombre geográfico como elemento de entrada Cuentos infantiles dominicanos
Fuente del encabezamiento o término
650 #4 - ENCABEZAMIENTO DE MATERIA--TEMÁTICO
Término temático o nombre geográfico como elemento de entrada Literatura infantil dominicana
Fuente del encabezamiento o término
650 #4 - ENCABEZAMIENTO DE MATERIA--TEMÁTICO
Término temático o nombre geográfico como elemento de entrada Libros infantiles ilustrados
710 2# - ASIENTO SECUNDARIO -- NOMBRE CORPORATIVO
Nombre corporativo o de jurisdicción Biblioteca Infantil y Juvenil (República Dominicana)
910 ## - VALIDACIÓN
Validación VMateo V. Control de calidad. BPMSU
942 ## - ADDED ENTRY ELEMENTS (KOHA)
Source of classification or shelving scheme Dewey Decimal Classification
Koha item type Libros
Existencias
Withdrawn status Lost status Source of classification or shelving scheme Damaged status Not for loan Collection code Home library Current library Date acquired Total Checkouts Full call number Barcode Date last seen Price effective from Koha item type Copy number
    Dewey Decimal Classification     Colección Dominicana Biblioteca Pública Metropolitana Salomé Ureña Biblioteca Pública Metropolitana Salomé Ureña 08/09/2024   BPMSU CDI RD863.5 F866g 2024 BPMSU24080029 08/09/2024 08/09/2024 Libros  
    Dewey Decimal Classification     Colección Dominicana Biblioteca Pública Metropolitana Salomé Ureña Biblioteca Pública Metropolitana Salomé Ureña 08/09/2024   BPMSU CDI RD863.5 F866g 2024 BPMSU24080030 08/09/2024 08/09/2024 Libros e.2
    Dewey Decimal Classification     Colección Dominicana Biblioteca Pública Metropolitana Salomé Ureña Biblioteca Pública Metropolitana Salomé Ureña 08/09/2024   BPMSU CDI RD863.5 F866g 2024 BPMSU24080031 08/09/2024 08/09/2024 Libros e.3